00804nas a2200229Ia 4500001001100000003000900011008004100020040001300061040001300074041001300087100004700100210001900147222001900166245005800185250001100243260003500254501008600289300001700375362003300392500011300425650003600538R039/44333IT-RoPAU151124c99999999xx |||||||||||| ||und|| aIT-RoPAU cIT-RoPAU aITALIANO aTurroni GiuseppegCodice Aut. SPICS: 294 aVIETATO FUMARE aVietato Fumare aVIETATO FUMARE, ANNO 2-N.4 (APRILE 1985)bSally Field a1a ed. aMILANObDO-SOUL EDIZIONIc1985 bPaulus - SPICS - Società San Paolo EM (non-commercial uses only)cCopyright2015 a2 p. [82-83] aANNO 002, N.04 (APRILE 1985) aRitratto dell'Attrice che Vinse L'Oscar per la Migliore Interpretazione Innorma Rae di Martin Ritt nel 1979. aCINEMAvPUBBLICAZIONE PERIODICA